Zásady chozrasčotního řízení podniků státních lesů ČSR
Gespeichert in:
| 1. Verfasser: | |
|---|---|
| Weitere Verfasser: | , |
| Format: | Buch |
| Sprache: | Tschechisch |
| Veröffentlicht: |
Praha
Státní zemědělské nakladatelství
1982
|
| Schriftenreihe: | Lesnictví, myslivost a vodní hospodářství
|
| Tags: |
Keine Tags, Fügen Sie das erste Tag hinzu!
|
MARC
| LEADER | 00000nam a2200000 4500 | ||
|---|---|---|---|
| 001 | c126753 | ||
| 005 | 20041019155238.8 | ||
| 041 | 0 | |a cze | |
| 044 | |a CZ | ||
| 245 | 1 | 0 | |a Zásady chozrasčotního řízení podniků státních lesů ČSR |c Zdeněk Bluďovský, Jaromír Němeček, Miloslav Havelka |
| 264 | 1 | |a Praha |b Státní zemědělské nakladatelství |c 1982 | |
| 300 | |a 162 s. | ||
| 490 | 1 | |a Lesnictví, myslivost a vodní hospodářství | |
| 830 | 0 | |a Lesnictví, myslivost a vodní hospodářství | |
| 100 | 1 | |a Bluďovský, Zdeněk | |
| 700 | 1 | |a Němeček, Jaromír | |
| 700 | 1 | |a Havelka, Miloslav | |